| 000 | 00516nam a2200205Ia 4500 | ||
|---|---|---|---|
| 003 | GCL | ||
| 008 | 140319s9999 xx 000 0 eng d | ||
| 040 |
_aGCL / _cGCL |
||
| 082 | 0 | 4 |
_a301 _bB I |
| 100 | 1 | _aJONES, PIP | |
| 245 | 1 | 0 |
_aINTRODUCTORY SOCIOLOGY / _cJONES, PIP |
| 700 | 1 | _aBILTON, TONY | |
| 700 | 1 | _aBONNELL, KEVIN | |
| 260 |
_a[S.N] : _bMac Millan Press ، _c1996 |
||
| 300 | _a683 P | ||
| 650 | 0 | 4 | _aHUMAN HISTORY |
| 650 | 0 | 4 | _aHUMAN SOCIETIES |
| 650 | 0 | 4 | _aHUMAN BEINGS SOCIETY |
| 942 |
_2ddc _cBK |
||
| 999 |
_c13539 _d13539 |
||